The Habitats and Wild Birds Directive in England and its seas (Record no. 114783)

MARC details
000 -LEADER
fixed length control field 01250cad a22002055a 4500
001 - CONTROL NUMBER
control field L157474
008 - FIXED-LENGTH DATA ELEMENTS--GENERAL INFORMATION
fixed length control field 121218s2012 xxk f 000 0 eng d
035 ## - SYSTEM CONTROL NUMBER
System control number (Sirsi) u157474
041 0# - LANGUAGE CODE
Language code of text/sound track or separate title eng
110 2# - MAIN ENTRY--CORPORATE NAME
Corporate name or jurisdiction name as entry element United Kingdom
Subordinate unit Department for Environment Food and Rural Affairs
245 04 - TITLE STATEMENT
Title The Habitats and Wild Birds Directive in England and its seas
Remainder of title Core guidance for developers, regulators, & land/marine managers
-- December 2012 (draft for public consultation)
Medium [electronic resource]
260 ## - PUBLICATION, DISTRIBUTION, ETC.
Place of publication, distribution, etc. London
Name of publisher, distributor, etc. DEFRA
Date of publication, distribution, etc. 2012
520 ## - SUMMARY, ETC.
Summary, etc. Consultation seeks views on two of the main guidance simplification measures from the recent Habitats and Wild Birds Directive Implementation Review. These are; A stocktake of the large body of existing guidance, with a view to propose how it should be rationalised by March 2013 and draft new guidance providing an overview of the sites and species requirements of the Directives. Comments should be sent to Defra by 5 February 2013.
590 ## - LOCAL NOTE (RLIN)
Local note KA
651 #4 - SUBJECT ADDED ENTRY--GEOGRAPHIC NAME
Geographic name England
Chronological subdivision 886-
690 ## - LOCAL SUBJECT ADDED ENTRY--TOPICAL TERM (OCLC, RLIN)
Topical term or geographic name as entry element Environment
9 (RLIN) 6238
690 ## - LOCAL SUBJECT ADDED ENTRY--TOPICAL TERM (OCLC, RLIN)
Topical term or geographic name as entry element Rural
9 (RLIN) 6268
856 40 - ELECTRONIC LOCATION AND ACCESS
Uniform Resource Identifier <a href="https://www.defra.gov.uk/consult/files/habitats-simplify-guide-draft-20121211.pdf">https://www.defra.gov.uk/consult/files/habitats-simplify-guide-draft-20121211.pdf</a>
Public note View the consultation free of charge at www.defra.gov.uk
942 ## - ADDED ENTRY ELEMENTS (KOHA)
Suppress in OPAC 0
Holdings
Withdrawn status Lost status Source of classification or shelving scheme Damaged status Not for loan Home library Current library Shelving location Date acquired Total Checkouts Full call number Barcode Date last seen Copy number Price effective from Koha item type
    Dewey Decimal Classification     Virtual Virtual Online 18/12/2012   ONLINE PUBLICATION 157474-2001 06/08/2019 1 06/08/2019 Book